LEADER 01381nam a2200289 a 4500 001 000000117765 003 CaOOAMICUS 005 20091104104927.0 008 091104s2009 it u000 u ita r 020 $a978-88-420-8758-8 040 $aPUL$bita$dReb 041 1 $aita$hger 100 1 $aHabermas, Jürgen,$d1929-$0(OLS)http://pul/name/516 240 10$aVom sinnlichen Eindruck zum symbolischen Ausdruck$lItaliano.$0(OLS)http://pul/title/148249 245 10$aDall'impressione sensibile all'espressione simbolica :$bsaggi filosofici /$cJurgen Habermas ; traduzione di Carlo Mainoldi. 260 $aBari :$bEditori Laterza,$c2009. 300 $a117 p. ;$c21 cm. 490 1 $aBiblioteca di cultura moderna ;$v1205. 650 4$aFilosofia contemporanea.$0(OLS)http://pul/subject/8502 700 1 $aMainoldi, Carlo.$0(OLS)http://pul/name/73538 830 0$aBiblioteca di cultura moderna (Editori Laterza) ;$v1205.$0(OLS)http://pul/title/3128 850 $aPUL 852 $aPUL$W1$xSL Filosofia 3$y81$m193 HABJU 1$j135145$qDDC 21$B134114$CPULBib$Z2$F134114 $H111368 $82 941 1 $a9 996 $6020$a978-88-420-8758-8$9(OLS)http://pul/number/142303 996 $6245$aDall'impressione sensibile all'espressione simbolica :$bsaggi filosofici$9(OLS)http://pul/title/148250 996 $6260$aBari :$bEditori Laterza$9(OLS)http://pul/publisher/58925 LEADER 01220nam a2200289 u 4500 001 000000081147 003 CaOOAMICUS 005 20070226123726.0 008 050315s1992 it u000 u ita u 020 $a88-7105-018-5 035 $a11034258 040 $aPUL$bita 100 1 $aMoioli, Giovanni,$d1931-1984.$0(OLS)http://pul/name/11870 245 12$aL'esperienza spirituale :$blezioni introduttive /$cGiovanni Moioli ; a cura di Claudio Stercal del centro Giovanni Moioli. 260 $aMilano :$bGlossa,$cc1992. 300 $a131 p. ;$c21 cm 490 1 $aContemplatio ;$v6 504 $aBibliografia in nota. 650 4$aSpiritualità$xMeditazioni.$0(OLS)http://pul/subject/28081 700 1 $aStercal, Claudio.$0(OLS)http://pul/name/3926 830 0$aContemplatio ;$v6.$0(OLS)http://pul/title/106166 850 $aPUL 852 $aPUL$W1$xSL Religione 3$y85$m248 MAIGI 1$j103559$nBK-PRI$qDDC 21$B103559$CPULBib$Z2$F103559 $H97280 $82 941 1 $a9 996 $6020$a88-7105-018-5$9(OLS)http://pul/number/107462 996 $6245$aL'esperienza spirituale :$blezioni introduttive$9(OLS)http://pul/title/106165 996 $6260$aMilano :$bGlossa$9(OLS)http://pul/publisher/53656